000 00807cam a22002171 4500
001 sg 46000095
003 DLC
005 20260227112748.0
008 740227s1946 ohucfh b 000 0 eng c
010 _asg 46000095
035 _a(OCoLC)816068
040 _aU.S. Surg.-gen. off. Libr.
_cOTU
_dOCoLC
_dWU-M
_dDLC
050 0 0 _aR747.W62
_bW3
082 _a610.711771
100 1 _aWaite, Frederick C.
_q(Frederick Clayton),
_d1870-1956.
245 0 0 _aWestern Reserve university centennial history of the School of medicine,
_cby Frederick Clayton Waite ...
260 _aCleveland,
_bWestern Reserve University Press,
_c1946.
300 _axiii, 588 p.
_bfront., plates, ports., facsim.
_c24 cm.
504 _a"References" at end of each chapter.
610 2 0 _aWestern Reserve University.
_bSchool of Medicine.
999 _c90732
_d90732